000 00482cam a2200181ua 4500
001 6190
008 131125n ii |||gr||||Z||||||eng
040 _cMAIN
082 _a658
245 _aPrinciples & Practices of Management
_cBy L.M. Prasad
250 _a1st ed.
260 _aNew Delhi:
_bSultan Chand & Sons,
_c1987.
300 _axiv,584p.
653 _aGeneral management
653 _aPrinciples & Practices of Management
700 _aPrasad,L.M.,
_eAuthor.
942 _cBK
999 _c5342
_d5342